banner koha

Desenvolvimento inicial de plântulas de Peltophorum dubium (Spreng.)Taub. sob protetores físicos com diferentes níveis de luminosidade (Registro n. 258629)

MARC details
000 -LÍDER
campo de controle de tamanho fixo 01145nas a2200337 4500
001 - NÚMERO DE CONTROLE
campo de controle BR2021000189
003 - IDENTIFICADOR DO NÚMERO DE CONTROLE
campo de controle BR-BrBNA
005 - DATA E HORÁRIO DA ÚLTIMA TRANSAÇÃO
campo de controle 20231205132128.0
007 - CAMPO FIXO DE DESCRIÇÃO FÍSICA--INFORMAÇÃO GERAL
campo de controle de tamanho fixo ta
008 - CAMPO DE DADOS FIXOS--INFORMAÇÃO GERAL
campo de controle de tamanho fixo 230509b bl.|||p| |||| 00| 00por d
040 ## - FONTE DA CATALOGAÇÃO
Instituição da catalogação original BR-BrBNA
Idioma da catalogação por
Instituição que transcreveu o registro Biblioteca Nacional de Agricultura
041 ## - CÓDIGO DE IDIOMA
Código do idioma do texto/trilha sonora ou título diferente (Pt)
072 ## - CÓDIGO DE CATEGORIA DE ASSUNTO
Código de Categoria de Assunto F01; F02; K10
100 1# - ENTRADA PRINCIPAL--NOME PESSOAL
Nome pessoal Klein, J.
100 1# - ENTRADA PRINCIPAL--NOME PESSOAL
Nome pessoal Rodrigues, J.D.
100 1# - ENTRADA PRINCIPAL--NOME PESSOAL
Nome pessoal Kestring, D
100 1# - ENTRADA PRINCIPAL--NOME PESSOAL
Nome pessoal Rampim,L.
100 1# - ENTRADA PRINCIPAL--NOME PESSOAL
Nome pessoal Aleixo, V.
100 1# - ENTRADA PRINCIPAL--NOME PESSOAL
Nome pessoal Battistus, A.G.
245 1# - TÍTULO
Título Desenvolvimento inicial de plântulas de Peltophorum dubium (Spreng.)Taub. sob protetores físicos com diferentes níveis de luminosidade
650 ## - ASSUNTO--TERMO TÓPICO
Cabeçalho tópico ou nome geográfico CANAFÍSTULA
650 ## - ASSUNTO--TERMO TÓPICO
Cabeçalho tópico ou nome geográfico REFLORESTAMENTO
650 ## - ASSUNTO--TERMO TÓPICO
Cabeçalho tópico ou nome geográfico REVEGETAÇÃO
650 ## - ASSUNTO--TERMO TÓPICO
Cabeçalho tópico ou nome geográfico PLANTIO DIRETO
650 ## - ASSUNTO--TERMO TÓPICO
Cabeçalho tópico ou nome geográfico ESPÉCIE NATIVA
773 0# - ENTRADA ANALÍTICA
Título Nativa. Pesquisas Agrárias e Ambientais (Brazil)
ISSN - International Standard Serial Number ISSN 2318-7670
Partes relacionadas (Mar-Apr 2017), v. 5(2) p. 92-100
Número de controle do registro BR2021000189
856 40 - LOCALIZAÇÃO ELETRÔNICA E ACESSO
Uniform Resource Identifier <a href="https://periodicoscientificos.ufmt.br/ojs/index.php/nativa/article/view/3727/pdf_1">https://periodicoscientificos.ufmt.br/ojs/index.php/nativa/article/view/3727/pdf_1</a>
856 40 - LOCALIZAÇÃO ELETRÔNICA E ACESSO
Caminho Link DSPACE/MAPA BR2021000189
909 ## -
-- 202311
-- Lúcia
-- 55
-- Lúcia Elande
942 ## - ELEMENTOS DE ENTRADA ADICIONADOS (KOHA)
Fonte da classificação ou esquema de arquivamento na estante Classificação AGRIS
Ocultar no OPAC Não
Tipo de material Koha Analítica
Exemplares
Situação do descarte Fonte da classificação ou esquema de arquivamento na estante Situação física Não pode ser emprestado Biblioteca de origem Biblioteca atual Localização na estante Enumeração do periódico / cronologia Total de empréstimos Data de último acesso Número do exemplar Tipo de material Koha Fonte de aquisição
  Classificação AGRIS   Consulta local Biblioteca Nacional de Agricultura - Binagri Biblioteca Nacional de Agricultura - Binagri   (Mar-Apr 2017), v. 5(2) p. 92-100   29/11/2023 01 Periódicos Portaria Interministerial nº 164/94

BINAGRI

Telefone: (61)3218-2567/2388/3357/2097 - binagri@agro.gov.br

Ministério da Agricultura e Pecuária , Esplanada dos Ministérios, Bloco D, Anexo B, Brasília/DF, CEP: 70.043-900